LIBRARY & INFORMATION CENTRE, KCAET, TAVANUR

ONLINE PUBLIC ACCESS CATALOGUE (OPAC)

Principles of Agricultural Engineering, Vol 1 / (Record no. 51)

MARC details
000 -LEADER
fixed length control field 00387cam a2200169ua 4500
020 ## - INTERNATIONAL STANDARD BOOK NUMBER
ISBN 9788183602129
082 ## - DEWEY DECIMAL CLASSIFICATION NUMBER
Classification number 631.1
Item number MIC/PR
100 ## - MAIN ENTRY--AUTHOR NAME
Personal name Michael, A.M.
245 ## - TITLE STATEMENT
Title Principles of Agricultural Engineering, Vol 1 /
250 ## - EDITION STATEMENT
Edition statement 2 / 6th
260 ## - PUBLICATION, DISTRIBUTION, ETC. (IMPRINT)
Place of publication New Delhi :
Name of publisher Jain Brothers ,
Year of publication 2014
300 ## - PHYSICAL DESCRIPTION
Number of Pages 768
700 1# - ADDED ENTRY--PERSONAL NAME
Personal name Ojha, T.P.
942 ## - ADDED ENTRY ELEMENTS (KOHA)
Koha item type Books
003 - CONTROL NUMBER IDENTIFIER
control field @
003 - CONTROL NUMBER IDENTIFIER
control field OSt
Holdings
Withdrawn status Lost status Damaged status Home library Current library Date acquired Full call number Accession Number Koha item type Shelving location Collection code Source of acquisition Cost, normal purchase price
      KAUAET KAUAET 07/04/2012 631.1 14277 Books        
      KAUAET KAUAET 11/03/1986 631.1 MIC/PR 14988 Books        
      KAUAET KAUAET 11/03/1986 631.1 14994 Books        
      KAUAET KAUAET 11/03/1986 631.1 14987 Books        
    Damaged KAUAET KAUAET 07/04/2012 631.1 14279 Books        
      KAUAET KAUAET 11/03/1986 631.1 MIC/PR 14990 Books        
Withdrawn     KAUAET KAUAET 11/03/1986 631.1 14986 Books        
Withdrawn     KAUAET KAUAET 11/02/1986 631.1 14846 Books        
      KAUAET KAUAET 11/03/1986 631.1 14992 Books        
      KAUAET KAUAET 11/03/1986 631.1 MIC/PR 14991 Books        
      KAUAET KAUAET 07/04/2012 631.1 13557 Books        
      KAUAET KAUAET 11/03/1986 631.1 15000 Books        
      KAUAET KAUAET 07/04/2012 631.1 14533 Books        
      KAUAET KAUAET 07/04/2012 631.1 14278 Books        
      KAUAET KAUAET 07/04/2012 631.1 14535 Books Binding Shelf      
      KAUAET KAUAET 11/03/1986 631.1 14985 Books        
      KAUAET KAUAET 11/03/1986 631.1 MIC/PR 14993 Books        
      KAUAET KAUAET 07/04/2012 631.1 MIC/PR 14532 Books        
      KAUAET KAUAET 11/03/1986 631.1 15001 Books        
      KAUAET KAUAET 11/03/1986 631.1 14995 Books        
Withdrawn     KAUAET KAUAET 11/03/1986 631.1 14999 Books        
      KAUAET KAUAET 11/02/1986 631.1 14847 Books        
Withdrawn     KAUAET KAUAET 11/03/1986 631.1 14989 Books        
      KAUAET KAUAET 07/04/2012 631.1 MIC/PR 14534 Books        
      KAUAET KAUAET 07/04/2012 631.1 14275 Books        
      KAUAET KAUAET 11/03/1986 631.1 14996 Books        
      KAUAET KAUAET 11/03/1986 631.1 14998 Books        
      KAUAET KAUAET 14/05/2012 631.1 MIC/PR 18351 Books General Stacks Non-fiction    
      KAUAET KAUAET 20/10/2012 631.1 MIC/PR 17878 Books General Stacks Non-fiction    
      KAUAET KAUAET 11/07/2016 631.1 MIC/PR 25064 Books General Stacks   Neoti Book Agency , New Delhi 595.00
      KAUAET KAUAET 11/07/2016 631.1 MIC/PR 25065 Books General Stacks   Neoti Book Agency , New Delhi 595.00
      KAUAET KAUAET 11/07/2016 631.1 MIC/PR 25066 Books General Stacks   Neoti Book Agency , New Delhi 595.00
      KAUAET KAUAET 11/07/2016 631.1 MIC/PR 25067 Books General Stacks   Neoti Book Agency , New Delhi 595.00
      KAUAET KAUAET 11/07/2016 631.1 MIC/PR 25068 Books General Stacks   Neoti Book Agency , New Delhi 595.00
free website counter